| 000 | 00726nam a22002297a 4500 | ||
|---|---|---|---|
| 001 | 8889 | ||
| 003 | FISKH | ||
| 005 | 20251030092558.0 | ||
| 008 | 251030b cb ||||| |||| 00| 0 eng d | ||
| 020 | _a9789810187248 | ||
| 040 |
_aFISKH _beng _cFISKH _dFISKH |
||
| 050 | _aQ161.2 M | ||
| 100 | _aChong, Renee | ||
| 245 |
_aScience : _bInteractions. Primary 3 & 4 / _cBy Renee Chong : Science Education Consultant : Dr Charles Chew |
||
| 260 |
_aSingapore : _bMarshall Cavendish Education , _c2008. |
||
| 300 |
_a19 pages : _bcolor illustrations ; _c27 cm . |
||
| 490 | _aMy Pals Are Here ! | ||
| 700 |
_aRahim, Anuar Abdul _eIllustrator |
||
| 700 |
_aLan, Tray Bock _eIllustrator |
||
| 942 |
_2ddc _cBK _n0 |
||
| 999 |
_c8889 _d8889 |
||